1999 1730 1713 1167 1129 1833 1295 1954 1375 1548 1031 1557 1678 1432 1874 1085 1322 1507 1107 1690 1847 1833 1723 1447 1196 1185 1810 1853 1459 1219 1317 1204 1119 1674 1386 1465 1887 1374 1083 1707 1815 1506 1633 1113 1643 1424 1637 1599 1341 1985 1636 1960 1747 1131 1154 1109 1729 1595 1975 1454 1040 1578 1508 1434 1449 1576 1868 1608 1870 1444 1577 1995 1168 1668 1297 1760 1001 1014 1514 1358 1866 1047 1470 1347 1394 1364 1343 1277 1947 1654 1067 1581 1751 1578 1042 1227 1870 1641 1931 BCNSPRNW ULIB Ver.6.0+V

เปลี่ยนเป็นภาษาไทย

Change to English
 แสดงรายละเอียดบรรณานุกรม
  กลับหน้าหลัก

Brief Record : Get Marc (ISO 2709) : E-mail record : QR code < ปิดหน้าต่าง
LEADER : 00000nam 2200000uu 4500
001    13399123547
003     ULIB
008    020711s2557 th a 000 0 tha d
020    9789990084306
060    WB369^bก951ต
100    โกวิท คัมภีรภาพ
245    ตำราฝังเข็ม =^bTEXTBOOK OF ACUPUNCTURE & MOXIBUSTION/^cโกวิท คัมภีรภาพ
250    พิมพ์ครั้งที่ 1
260    กรุงเทพฯ :^bธนาเพรส,^c2557
300    824 หน้า;^b21 ซม.
650    ฝังเข็ม
945    ^p650^l0^i21100
945    ^p650^l0^i21101
รายการนี้ยังไม่มีแท็ก
คุณยังไม่ได้ล็อกอิน คุณสามารถมีกิจกรรมร่วมกับเว็บไซต์ได้ แต่ต้องล็อกอินก่อน ::
  ล็อกอิน

รายการสื่อสารสนเทศ

ลำดับที่ ประเภท เลขเรียก/บาร์โค้ด สถานที่ สถานะ
1. วิทยาศาสตร์การแพทย์ และสุขภาพ
หนังสือสำรอง
สถานะ=หนังสือสำรอง
WB369 ก951ต ฉ.1 
  Barcode: 21100
ห้องสมุดวิทยาเขตนครสวรรค์
►ส่วนจัดเก็บหนังสือเก่า นว.
บนชั้น
  ขอยืม
2. วิทยาศาสตร์การแพทย์ และสุขภาพ
วิทยาศาสตร์การแพทย์ และสุขภาพ
WB369 ก951ต ฉ.2 
  Barcode: 21101
ห้องสมุดวิทยาเขตนครสวรรค์
►ส่วนจัดเก็บหนังสือเก่า นว.
บนชั้น
  ขอยืม

รายการใกล้เคียง
    ผู้แต่ง [โกวิท คัมภีรภาพ]

    หัวเรื่อง [ฝังเข็ม]

BibComment


ยังไม่เคยถูกคอมเมนท์

คอมเมนท์ทรัพยากรรายการนี้
  คอมเมนท์: ตำราฝังเข็ม TEXT..


 Copyright 2026. Bcnsprnw @Library